000 00625nam a2200205Ia 4500
005 20251205144208.0
008 210716s1987 xx 000 0 und d
040 _cAIMIT LIBRARY
041 _aeng
082 _a005.362
_21
_bGOEM
100 _aGoel, Mahesh K.
_9247886
245 _aProgramming in basic /
_cBy Mahesh K Goel.
250 _a1st ed.
260 _aNew Delhi :
_bSterling Publishers Private Ltd ,
_c1987.
300 _a172p. ;
_bPB
_c22.3 cm
650 _aComputer architecture
_9247887
650 _aProgram control
_9247888
650 _aArrays and matrices
_9247889
942 _2ddc
_cBK
_e1st
_k005.362 GOEM
999 _c180677
_d180677